|
|
|
|
| LEADER |
01083nab#a2200313#ar4500 |
| 001 |
000074048 |
| 003 |
SVKKK |
| 005 |
20040512xxxxxxx. |
| 008 |
06 c xo huno |
| FMT |
|
|
|
| 038 |
|
|
|a SVKKK
|
| 040 |
|
|
|a SVKKK
|b slo
|e AACR2
|
| 041 |
0 |
|
|a hun
|
| 044 |
|
|
|a xo
|c SK
|
| 080 |
|
|
|a 281.94
|
| 242 |
1 |
0 |
|a Vysviacka mukačevského biskupa
|
| 245 |
0 |
0 |
|a A munkácsi püspök fölszentelése
|
| 500 |
|
|
|a mikrofilm
|
| 520 |
2 |
|
|a Správa o tom, že dátum 21. september 1912, ktorý bol stanovený na vysviacku biskupa mukačevskej diecézy v Užhorode Antona (Antal) Pappa sa prekladá na október 1912, nakoľko sa prerába biskupská rezidencia v Užhorode.
|
| 650 |
0 |
4 |
|a Papp, Anton hajdudorogi (biskup gréckokatolícky, [1867-19??]) - diecéza mukačevská - termín vysviacky (preloženie) - Užhorod (UA) - september 1912 - správy
|
| 773 |
0 |
|
|t Felvidéki Hirlap
|g Roč. 5, č. 36 (22.09.1912) s. 3
|
| 957 |
|
|
|a Užhorod (UA)
|
| 958 |
|
|
|a CI
|
| 958 |
|
|
|a DG
|
| 958 |
|
|
|a SK
|
| 974 |
|
|
|a Ba
|d 20040512
|
| 992 |
|
|
|a RBX
|
| BAS |
|
|
|
| 998 |
|
|
|a RETRO
|